000 00317 a2200133 4500
005 20250702082900.0
020 _a978-0-099-59823-7
082 _aWAR
100 _aWARE, R.
245 _aThe Woman in Cabin 10,
260 _aNew York,
_bPenguin Random House,
_c2017.
300 _avii, 345,:
_c19.7cm
942 _2ddc
_cBKS
999 _c6569
_d6569